Detalles MARC
| 000 -LIDER |
| fixed length control field |
01304nam a22003737a 4500 |
| 001 - NÚMERO DE CONTROL |
| Identificador de número de control |
0074 |
| 003 - IDENTIFICACDOR DE NÚMERO DE CONTROL |
| control field |
DO-SdBPM |
| 005 - DATE AND TIME OF LATEST TRANSACTION |
| control field |
20260219074155.0 |
| 007 - CAMPOS FIJOS DE DESCRIPCIÓN FÍSICA |
| fixed length control field |
ta |
| 008 - ELEMENTOS DE LONGITUD FIJA |
| fixed length control field |
151006b1997 sp | |||| 00| 0 spa d |
| 020 ## - ISBN |
| International Standard Book Number |
8475099351 |
| 040 ## - FUENTE DE CATALOGACIÓN |
| Agencia que crea de manera original el registro |
DO-SdBPM |
| Idioma de catalogación |
spa |
| Agencia que realiza la transcripción |
BPMSU |
| Convenciones de la despripción |
rda |
| 082 #4 - NÚMERO DE CLASIFICACIÓN DECIMAL DE DEWEY |
| Classification number |
370.1523 |
| Item number |
G226m 1997 |
| Edition number |
22 |
| 100 1# - ASIENTO PRINCIPAL -- NOMBRE PERSONAL |
| Nombre personal |
Gardner, Howard, |
| Fechas asociadas con el nombre |
1943- |
| Mención de responsabilidad |
autor |
| Término de relación |
aut. |
| 245 10 - MENCIÓN DE TITULO |
| Título |
La mente no escolarizada : cómo piensan los niños y cómo deberían enseñar las escuelas / |
| Mención de responsabilidad |
Howard Gardner ; traducción de Ferran Meler-Ortí. |
| 260 ## - PUBLICACIÓN, DISTRIBUCIÓN, ETC. (PIE DE IMPRENTA) |
| Fecha de publicación, distribución, etc |
|
| 264 ## - PRODUCTION, PUBLICATION, DISTRIBUTION, MANUFACTURE, AND COPYRIGHT NOTICE |
| Place of production, publication, distribution, manufacture |
Barcelona : |
| Name of producer, publisher, distributor, manufacturer |
Ediciones Paidó, |
| Date of production, publication, distribution, manufacture, or copyright notice |
1997 |
| 300 ## - DESCRIPCIÓN FÍSICA |
| Extensión |
292 páginas ; |
| Dimensiones |
23 cm |
| Otros detalles físicos |
|
| 336 ## - CONTENT TYPE |
| Content type term |
texto |
| Content type code |
txt |
| Source |
rdacontent |
| 337 ## - MEDIA TYPE |
| Media type term |
sin mediación |
| Media type code |
n |
| Source |
rdamedia |
| 338 ## - CARRIER TYPE |
| Carrier type term |
volumen |
| Carrier type code |
nc |
| Source |
rdacarrier |
| 490 0# - MENCIÓN DE SERIES |
| Mención de serie |
Paidós educador, |
| Volume/sequential designation |
36 |
| 500 ## - NOTA GENERAL |
| Nota general |
Incluye bibliografía e índice. |
| 534 ## - NOTA SOBRE LA VERSIÓN ORIGINAL |
| Frase introductoria |
Título original : |
| Mención del título original |
The unscholed mind. How children think and how schools should teach. |
| 590 ## - NOTA LOCAL |
| Texto de la nota local |
Inventariado, 2026/VM |
| 650 #7 - ENCABEZAMIENTO DE MATERIA--TEMÁTICO |
| Término temático o nombre geográfico como elemento de entrada |
Aprendizaje |
| 650 #7 - ENCABEZAMIENTO DE MATERIA--TEMÁTICO |
| Término temático o nombre geográfico como elemento de entrada |
Educación de niños. |
| 650 #7 - ENCABEZAMIENTO DE MATERIA--TEMÁTICO |
| Término temático o nombre geográfico como elemento de entrada |
Psicología del aprendizaje. |
| 650 #7 - ENCABEZAMIENTO DE MATERIA--TEMÁTICO |
| Término temático o nombre geográfico como elemento de entrada |
Sociología de la educación |
| 650 #7 - ENCABEZAMIENTO DE MATERIA--TEMÁTICO |
| Término temático o nombre geográfico como elemento de entrada |
Comprensión |
| 700 1# - ASIENTO SECUNDARIO -- NOMBRE PERSONAL |
| Nombre personal |
Meler-Ortí, Ferrán, |
| Mención de responsabilidad |
traductor |
| 910 ## - VALIDACIÓN |
| Validación |
VMateo V. Control de calidad. BPMSU |
| 942 ## - ADDED ENTRY ELEMENTS (KOHA) |
| Source of classification or shelving scheme |
Dewey Decimal Classification |
| Koha item type |
Libros |